| 000 | 01008nam a22003257a 4500 | ||
|---|---|---|---|
| 001 | 0036885 | ||
| 003 | KOHA_MİRAKIL | ||
| 005 | 20260207003020.0 | ||
| 007 | ta | ||
| 008 | 120430b2011 tu |||gr||||#0|||0|tur | | ||
| 020 | _a9789755331997 | ||
| 040 |
_aTR-BiSEU _btur _cTR-BiSEU _erda |
||
| 041 | 0 | _atur | |
| 044 | _ctu | ||
| 050 |
_aDR603 _b.D86 2011 |
||
| 100 | 1 | _aDündar, Can. | |
| 245 | 1 |
_aErgenekon: Devlet içinde devlet/ _cCan Dündar ; Can Dündar, Celal Kazdağı. |
|
| 264 | 1 |
_aAnkara : _bİmge Kitabevi _c2011 |
|
| 300 | _a188 s.; 24 cm. | ||
| 336 |
_ametin _btxt _2rdacontent |
||
| 337 |
_aaracısız _bn _2rdamedia |
||
| 338 |
_acilt _bnc _2rdacarrier |
||
| 650 | 0 |
_aTurkey--Politics and government--1980-. _94976 |
|
| 650 | 0 |
_aTürkiye--Siyaset ve yönetim--1980-. _94975 |
|
| 650 | 0 |
_aPolitical corruption--Turkey-- History--20th century. _969664 |
|
| 650 | 0 |
_aSiyasal suistimal--Türkiye--Tarih--20. y.y. _969665 |
|
| 650 | 0 |
_a _95500 |
|
| 907 | _aTarih | ||
| 942 |
_2lcc _cBK |
||
| 999 |
_c36770 _d36770 |
||